000 00935nam a2200277Ia 4500
003 OSt
005 20220918172214.0
006 a|||||r|||| 00| 0
007 ta
008 220917b |||||||| |||| 00| 0 eng d
020 _a9789387146341
_cINR 699.00
024 _a348,334
037 _b5754, 29/01/2019, Sanchit Book Service
_cTextual
040 _aARTS
_cARTS
_beng
041 _2eng
_aeng
082 _aO111,3N40:g, Q8
100 _aBoehmer Elleke Au.
_940743
245 0 _aJ. M. Coetzee in context and theory
260 _aNew Delhi
_bBloomsbury India
_c2018
300 _ax,206p.
_ccm.
650 _aENGLISH FICTION; ENGLISH LITERATURE
_912759
700 _a Eaglestone Robert Au.
_940744
700 _a Iddiols Katy Au.
_940745
942 _hO111,3N40:g, Q8
_cTEXL
_2CC
999 _c143026
_d143026